000 00296 a2200121 4500
000 nam a22 7a 4500
005 20251205115115.0
020 _a9789773766781
100 _aMarkaiz, Jabreel Jarsiya
_9854824
245 _aZakirah nisai al-hazeenat
260 _bAl-walid
_c2012
942 _cTB
999 _c1465958
_d1465958